Obdobie krízy prináša nové príležitosti. Európsky poisťovací sektor porastie aj napriek ekonomickej neistote

Európsky poisťovací sektor porastie. Adaptácia na meniace sa finančné prostredie môže priniesť pre poisťovacie ústavy veľa nových príležitostí. Životné a penzijné poistenie. Všeobecné poistenie. Súvaha a kapitálová primeranosť. Prehodnotenie prevádzkových modelov a nákladov.

Guardado en:
Detalles Bibliográficos
Autor principal: Draganovský, Dalimil
Formato: Capítulo de libro
Lenguaje:eslovaco
Materias:
Etiquetas: Agregar Etiqueta
Sin Etiquetas, Sea el primero en etiquetar este registro!

MARC

LEADER 00000naa$a2200000$$$4500
001 0095048
005 20231019090652.7
041 0 |a slo 
044 |a SK 
245 1 0 |a Obdobie krízy prináša nové príležitosti. Európsky poisťovací sektor porastie aj napriek ekonomickej neistote  |c Dalimil Draganovský 
520 |a Európsky poisťovací sektor porastie. Adaptácia na meniace sa finančné prostredie môže priniesť pre poisťovacie ústavy veľa nových príležitostí. Životné a penzijné poistenie. Všeobecné poistenie. Súvaha a kapitálová primeranosť. Prehodnotenie prevádzkových modelov a nákladov. 
610 2 0 |a poistenie 
610 2 0 |a náklady prevádzkové 
610 2 0 |a financie 
610 2 0 |a poisťovne 
610 2 0 |a kríza 
100 1 |a Draganovský, Dalimil